[Event "Gibraltar ChallWk2 12th"]
[Site "Gibraltar"]
[Date "2014.02.01"]
[Round "1.31"]
[White "Pabalan, Rocky"]
[Black "Tarr, Steve F"]
[Result "1-0"]
[WhiteElo "2103"]
[BlackElo "1728"]
[PlyCount "33"]
[EventDate "2014.02.01"]
[EventType "swiss"]
[EventRounds "5"]
[EventCountry "GGB"]
[SourceTitle "BritBase"]
[Source "www.saund.co.uk"]
[SourceDate "2018.02.10"]
[SourceVersion "1"]
[SourceVersionDate "2018.02.10"]
[SourceQuality "1"]

1. d4 Nf6 2. Nf3 e6 3. Bf4 d5 4. e3 c5 5. c3 Nc6 6. Nbd2 cxd4 7. exd4 Bd6 8.
Ne5 Qc7 9. Bb5 a6 10. Bxc6+ bxc6 11. O-O g5 12. Bxg5 Bxe5 13. dxe5 Qxe5 14. Nf3
Qf5 15. Qd4 Rg8 16. Qxf6 Rxg5 17. Qxg5 1-0

[Event "Gibraltar ChallWk2 12th"]
[Site "Gibraltar"]
[Date "2014.02.01"]
[Round "1.32"]
[White "Gajic, Bozur"]
[Black "Bhopal, Raj"]
[Result "1-0"]
[WhiteElo "1698"]
[BlackElo "2093"]
[PlyCount "92"]
[EventDate "2014.02.01"]
[EventType "swiss"]
[EventRounds "5"]
[EventCountry "GGB"]
[SourceTitle "BritBase"]
[Source "www.saund.co.uk"]
[SourceDate "2018.02.10"]
[SourceVersion "1"]
[SourceVersionDate "2018.02.10"]
[SourceQuality "1"]

1. b3 e5 2. Bb2 Nc6 3. e3 d5 4. d3 Nf6 5. Nd2 a5 6. a4 Bd6 7. Be2 Qe7 8. e4
dxe4 9. dxe4 Bb4 10. c3 Bc5 11. Ngf3 Be6 12. O-O O-O 13. Qc2 Rad8 14. Nc4 Ng4
15. h3 Nf6 16. Bc1 Nd7 17. Ng5 Nb6 18. Nxe6 fxe6 19. Be3 Bxe3 20. Nxe3 Rf6 21.
Nc4 Qc5 22. Nxb6 Nd4 23. Qb2 Nxe2+ 24. Qxe2 Qxb6 25. Rab1 Rdf8 26. Qb5 Rxf2 27.
Qxb6 Rxf1+ 28. Rxf1 cxb6 29. Rd1 Rc8 30. c4 Kf7 31. Rd7+ Kf6 32. Kf2 b5 33.
axb5 a4 34. bxa4 Rxc4 35. Rxb7 Rxa4 36. b6 Rb4 37. Rb8 h6 38. Kf3 Kf7 39. Ke3
Rb1 40. Kd3 Rb4 41. Kc3 Rb1 42. Kc4 Rc1+ 43. Kb5 Rb1+ 44. Kc5 Rc1+ 45. Kd6 Rb1
46. Kxe5 Rb4 {Unable to read remaining moves} 1-0

[Event "Gibraltar ChallWk2 12th"]
[Site "Gibraltar"]
[Date "2014.02.01"]
[Round "1.33"]
[White "Amos, Frank"]
[Black "Haddock, Paul"]
[Result "1-0"]
[WhiteElo "2089"]
[BlackElo "1649"]
[PlyCount "107"]
[EventDate "2014.02.01"]
[EventType "swiss"]
[EventRounds "5"]
[EventCountry "GGB"]
[SourceTitle "BritBase"]
[Source "www.saund.co.uk"]
[SourceDate "2018.02.10"]
[SourceVersion "1"]
[SourceVersionDate "2018.02.10"]
[SourceQuality "1"]

1. e4 c5 2. Nf3 d6 3. d4 cxd4 4. Nxd4 Nf6 5. Bd3 Nc6 6. c3 g6 7. O-O Bg7 8. Nd2
Qb6 9. Nc4 Qd8 10. Qe2 Nxe4 11. Nxc6 bxc6 12. Qxe4 d5 13. Qf3 dxc4 14. Bxc4 O-O
15. Qxc6 Bd7 16. Qf3 Rc8 17. Bb3 Qa5 18. Be3 Bc6 19. Qg3 e6 20. Rfd1 Rfd8 21.
Qg5 Qxg5 22. Bxg5 Rd7 23. Rxd7 Bxd7 24. Rd1 Bc6 25. Rd6 Be5 26. Rxe6 Re8 27.
Rxc6 Bf4 28. Kf1 Bxg5 29. Rc7 Re7 30. Rc8+ Kg7 31. g3 Bc1 32. Bd5 Bxb2 33. a4
Kf6 34. a5 Ke5 35. Bf3 Rd7 36. Rc5+ Kf6 37. Rc6+ Ke7 38. Ke2 f5 39. a6 Rd6 40.
Rc7+ Rd7 41. Rc8 Rd6 42. Bb7 Kd7 43. c4 Bc3 44. c5 Rd2+ 45. Ke3 Ba5 46. Rh8 h5
47. Rh7+ Ke6 48. Bc8+ Kf6 49. Rxa7 Rc2 50. Kd4 Rxf2 51. Rd7 Rd2+ 52. Ke3 Rc2
53. a7 Rc3+ 54. Rd3 1-0

[Event "Gibraltar ChallWk2 12th"]
[Site "Gibraltar"]
[Date "2014.02.01"]
[Round "1.34"]
[White "Savage, Neil"]
[Black "Kandic, Milan"]
[Result "0-1"]
[WhiteElo "1625"]
[BlackElo "2080"]
[PlyCount "88"]
[EventDate "2014.02.01"]
[EventType "swiss"]
[EventRounds "5"]
[EventCountry "GGB"]
[SourceTitle "BritBase"]
[Source "www.saund.co.uk"]
[SourceDate "2018.02.10"]
[SourceVersion "1"]
[SourceVersionDate "2018.02.10"]
[SourceQuality "1"]

1. e4 d6 2. d4 Nf6 3. Nc3 c6 4. h3 Nbd7 5. Nf3 e5 6. dxe5 dxe5 7. Bc4 Be7 8.
O-O O-O 9. Bg5 Qc7 10. Qe2 b5 11. Bb3 Nc5 12. Rfe1 a5 13. a3 Nxb3 14. cxb3 Be6
15. Rac1 Qb8 16. Nd1 Rc8 17. Ne3 g6 18. Qd3 Ra7 19. Rc3 b4 20. Rc2 bxa3 21. Nc4
Rd7 22. Qe2 Bxc4 23. Qxc4 axb2 24. Qa4 Qb4 25. Rxb2 Rb7 26. Ree2 Ne8 27. Bxe7
Rxe7 28. Qxb4 axb4 29. Ra2 c5 30. Ra5 f6 31. Rc2 Rec7 32. Rb5 Nd6 33. Rb6 Rc6
34. Rxc6 Rxc6 35. Nd2 Kf7 36. f3 Nb5 37. Kf2 Nc3 38. Nc4 Ra6 39. Ke3 Ra1 40.
Nb2 Ke6 41. Na4 Nxa4 42. bxa4 Kd6 43. Kd3 Rxa4 44. Kc4 Kc6 0-1

[Event "Gibraltar ChallWk2 12th"]
[Site "Gibraltar"]
[Date "2014.02.01"]
[Round "1.35"]
[White "Dasaolu, Rotimi"]
[Black "Oliveira, Maria Alice Ramos M"]
[Result "1-0"]
[WhiteElo "2077"]
[BlackElo "1466"]
[PlyCount "96"]
[EventDate "2014.02.01"]
[EventType "swiss"]
[EventRounds "5"]
[EventCountry "GGB"]
[SourceTitle "BritBase"]
[Source "www.saund.co.uk"]
[SourceDate "2018.02.10"]
[SourceVersion "1"]
[SourceVersionDate "2018.02.10"]
[SourceQuality "1"]

1. c4 Nf6 2. Nc3 g6 3. d4 Bg7 4. g3 O-O 5. Bg2 d6 6. Nf3 Nbd7 7. O-O e5 8. Bg5
h6 9. Be3 Ng4 10. Bc1 f5 11. h3 Ngf6 12. e3 c6 13. Qc2 e4 14. Nd2 d5 15. f3 Qc7
16. f4 Nb6 17. b3 Be6 18. Ba3 Rfe8 19. Ne2 Qf7 20. Rfe1 g5 21. Kf2 Nh5 22. Bd6
Rad8 23. c5 Nd7 24. b4 a6 25. a4 Ra8 26. Rab1 gxf4 27. Nxf4 Nxf4 28. Bxf4 Nf6
29. Nf1 Nh5 30. Bd6 Qd7 31. Qe2 f4 32. gxf4 Nf6 33. Kg3 Qf7 34. Kh2 Nh5 35. Qf2
Kh7 36. Ng3 Nxg3 37. Qxg3 Bf6 38. Be5 Rg8 39. Qf2 Bxe5 40. dxe5 Rg7 41. Qh4
Rag8 42. Rb2 Bf5 43. Rf1 Rg6 44. Rff2 Qf8 45. Rfd2 Qg7 46. Bh1 Rg3 47. Rg2
Rxg2+ 48. Rxg2 Qf7 1-0

[Event "Gibraltar ChallWk2 12th"]
[Site "Gibraltar"]
[Date "2014.02.01"]
[Round "1.40"]
[White "Diaz Montenegro, Ignacio"]
[Black "Skou, Niels"]
[Result "0-1"]
[WhiteElo "1924"]
[BlackElo "2120"]
[PlyCount "84"]
[EventDate "2014.02.01"]
[EventType "swiss"]
[EventRounds "5"]
[EventCountry "GGB"]
[SourceTitle "BritBase"]
[Source "www.saund.co.uk"]
[SourceDate "2018.02.10"]
[SourceVersion "1"]
[SourceVersionDate "2018.02.10"]
[SourceQuality "1"]

1. d4 Nf6 2. c4 g6 3. Nc3 d5 4. Nf3 Bg7 5. Bg5 Ne4 6. cxd5 Nxg5 7. Nxg5 e6 8.
Nf3 exd5 9. e3 O-O 10. Be2 c6 11. O-O Qb6 12. Qd2 Bg4 13. Na4 Qc7 14. b4 Nd7
15. Rfc1 a6 16. Nc3 Qd6 17. a4 b5 18. Qb2 Nb6 19. Ra2 Rfe8 20. Rca1 Bf8 21.
axb5 axb5 22. Rxa8 Rxa8 23. Rxa8 Nxa8 24. Qa3 Qxb4 25. Qc1 Nb6 26. Ne5 Bxe2 27.
Nxc6 Qb3 28. Nxe2 Ba3 29. Qe1 Qc2 30. Ne5 b4 31. h4 h5 32. Nf4 b3 33. Ned3 b2
34. Nxb2 Qxb2 35. Qa5 Bd6 36. g3 Qc1+ 37. Kg2 Qc6 38. Nd3 Kg7 39. Qa7 Nc4 40.
Qa2 Qb5 41. Qa8 Nd2 42. Nc5 Qf1+ 0-1

[Event "Gibraltar ChallWk2 12th"]
[Site "Gibraltar"]
[Date "2014.02.01"]
[Round "1.41"]
[White "Pena Riasco, Alexander"]
[Black "Allor, Chukwuka"]
[Result "1-0"]
[WhiteElo "2154"]
[BlackElo "2138"]
[PlyCount "119"]
[EventDate "2014.02.01"]
[EventType "swiss"]
[EventRounds "5"]
[EventCountry "GGB"]
[SourceTitle "BritBase"]
[Source "www.saund.co.uk"]
[SourceDate "2018.02.10"]
[SourceVersion "1"]
[SourceVersionDate "2018.02.10"]
[SourceQuality "1"]

1. e4 c5 2. Nf3 d6 3. d4 cxd4 4. Nxd4 Nf6 5. Nc3 Nc6 6. f3 e5 7. Nb3 Be6 8. Bg5
Be7 9. Qd2 h6 10. Be3 O-O 11. O-O-O a5 12. Kb1 a4 13. Nc1 a3 14. b3 Nb4 15. Nd3
Qa5 16. Nxb4 Qxb4 17. Nd5 Nxd5 18. exd5 Qxd2 19. Rxd2 Bd7 20. c4 Bd8 21. Bd3
Ba5 22. Rc2 b6 23. Bd2 Bxd2 24. Rxd2 f5 25. Re2 g5 26. h3 Kg7 27. Kc2 Rfc8 28.
Kd2 b5 29. cxb5 Rab8 30. Ree1 Kf6 31. Rc1 Rxc1 32. Rxc1 Bxb5 33. Rc7 Bxd3 34.
Kxd3 Rb4 35. Ra7 Rd4+ 36. Ke2 Rxd5 37. Rxa3 e4 38. b4 Rd4 39. Rb3 Rc4 40. Rb2
Ke6 41. a4 Kd7 42. a5 Kc7 43. b5 Ra4 44. b6+ Kb7 45. Rb5 Ra2+ 46. Ke3 Ra3+ 47.
Kd4 e3 48. Rxf5 e2 49. Rf7+ Kb8 50. Re7 Ra4+ 51. Kd3 Rxa5 52. Kxe2 Ra2+ 53. Kf1
Rb2 54. Rh7 Rxb6 55. Rxh6 Kc7 56. Rh5 Rb5 57. Kf2 Kd7 58. Kg3 Ke6 59. Kg4 Kf6
60. Rh6+ {The remainder of the scoresheet is illegible} 1-0

[Event "Gibraltar ChallWk2 12th"]
[Site "Gibraltar"]
[Date "2014.02.02"]
[Round "2.1"]
[White "Martinez Reyes, Pedro Ramon"]
[Black "Nicolas Zapata, Javier"]
[Result "1-0"]
[WhiteElo "2246"]
[BlackElo "2123"]
[PlyCount "109"]
[EventDate "2014.02.01"]
[EventType "swiss"]
[EventRounds "5"]
[EventCountry "GGB"]
[SourceTitle "BritBase"]
[Source "www.saund.co.uk"]
[SourceDate "2018.02.10"]
[SourceVersion "1"]
[SourceVersionDate "2018.02.10"]
[SourceQuality "1"]
[WhiteClock "1:14:42"]
[BlackClock "0:00:25"]

1. e4 c5 2. Nf3 d6 3. Bb5+ Nd7 4. d4 Ngf6 5. e5 Qa5+ 6. Nc3 cxd4 7. Qxd4 dxe5
8. Nxe5 a6 9. Bxd7+ Nxd7 10. Nxd7 Bxd7 11. O-O e6 12. Rd1 Bc6 13. Qg4 h5 14.
Qh3 g6 15. Bf4 Qf5 16. Qe3 Bc5 17. Qe5 Rg8 18. Rd3 Qxe5 19. Bxe5 Ke7 20. Bd4
Bxd4 21. Rxd4 Rgd8 22. Rad1 e5 23. Nd5+ Rxd5 24. Rxd5 Bxd5 25. Rxd5 Ke6 26. Rd2
f5 27. Kf1 Rc8 28. Ke2 Rc5 29. c3 Rd5 30. Rc2 g5 31. Rc1 e4 32. c4 Rc5 33. b4
Rc6 34. c5 b6 35. cxb6 Rxb6 36. a3 a5 37. bxa5 Rb3 38. a4 Rb4 39. Ra1 Rb2+ 40.
Ke1 Rb7 41. Kd2 Ra7 42. Kc3 Rxa5 43. Kb4 Ra8 44. a5 f4 45. a6 Ke5 46. a7 e3 47.
fxe3 fxe3 48. Kc3 Ke4 49. Kc2 g4 50. Kd1 h4 51. Ke2 h3 52. g3 Kf5 53. Ra4 Kg5
54. Ra5+ Kg6 55. Kxe3 1-0

[Event "Gibraltar ChallWk2 12th"]
[Site "Gibraltar"]
[Date "2014.02.02"]
[Round "2.16"]
[White "Osuna Vega, Enrique"]
[Black "Gajic, Bozur"]
[Result "1-0"]
[WhiteElo "2141"]
[BlackElo "1698"]
[PlyCount "76"]
[EventDate "2014.02.01"]
[EventType "swiss"]
[EventRounds "5"]
[EventCountry "GGB"]
[SourceTitle "BritBase"]
[Source "www.saund.co.uk"]
[SourceDate "2018.02.10"]
[SourceVersion "1"]
[SourceVersionDate "2018.02.10"]
[SourceQuality "1"]

1. e4 g6 2. d4 Bg7 3. Nc3 d6 4. Be3 Nd7 5. Nf3 c6 6. Qd2 Qa5 7. Bd3 Ngf6 8. h3
O-O 9. Bh6 Re8 10. Bxg7 Kxg7 11. O-O-O e5 12. Kb1 a6 13. g4 b5 14. Rde1 c5 15.
d5 c4 16. Bf1 Bb7 17. Nd1 Qb6 18. h4 Nc5 19. Ng5 Qc7 20. f3 h6 21. Nh3 Rh8 22.
Rg1 a5 23. h5 g5 24. Nxg5 b4 25. Bxc4 Kf8 26. Nh3 Ncxe4 27. fxe4 Qxc4 28. Nhf2
Rc8 29. Ne3 Qc7 30. Rc1 Qb6 31. c3 b3 32. a3 Ba6 33. Nf5 Ng8 34. g5 Ke8 35.
gxh6 Kd7 36. Rg7 Rd8 37. h7 Nf6 38. Qg5 Ne8 {Unable to read remaining moves}
1-0

[Event "Gibraltar ChallWk2 12th"]
[Site "Gibraltar"]
[Date "2014.02.02"]
[Round "2.18"]
[White "Nicolas Zapata, Irene"]
[Black "Isherwood, Paul"]
[Result "1-0"]
[WhiteElo "2249"]
[BlackElo "2009"]
[PlyCount "61"]
[EventDate "2014.02.01"]
[EventType "swiss"]
[EventRounds "5"]
[EventCountry "GGB"]
[SourceTitle "BritBase"]
[Source "www.saund.co.uk"]
[SourceDate "2018.02.10"]
[SourceVersion "1"]
[SourceVersionDate "2018.02.10"]
[SourceQuality "1"]

1. d4 d6 2. Nf3 Nf6 3. c4 Nbd7 4. g3 c6 5. Bg2 e5 6. Nc3 Be7 7. O-O O-O 8. e4
a6 9. Qc2 b5 10. Rd1 Qc7 11. b3 Re8 12. Bb2 Bf8 13. a4 b4 14. Nb1 exd4 15. Nxd4
Bb7 16. f3 Rac8 17. Nd2 Qb8 18. f4 g6 19. Re1 c5 20. N4f3 Qa8 21. e5 dxe5 22.
fxe5 Ng4 23. Ne4 Bh6 24. Neg5 Bxg5 25. Nxg5 Bxg2 26. Qxg2 Qxg2+ 27. Kxg2 Ngxe5
28. Rad1 f6 29. Ne4 Rcd8 30. Bxe5 Rxe5 31. Nxf6+ 1-0

[Event "Gibraltar ChallWk2 12th"]
[Site "Gibraltar"]
[Date "2014.02.02"]
[Round "2.19"]
[White "Ungureanu, Sandu"]
[Black "Gandrud, Vegar Koi"]
[Result "1/2-1/2"]
[WhiteElo "2014"]
[BlackElo "2242"]
[PlyCount "83"]
[EventDate "2014.02.01"]
[EventType "swiss"]
[EventRounds "5"]
[EventCountry "GGB"]
[SourceTitle "BritBase"]
[Source "www.saund.co.uk"]
[SourceDate "2018.02.10"]
[SourceVersion "1"]
[SourceVersionDate "2018.02.10"]
[SourceQuality "1"]

1. e4 c5 2. Nf3 Nc6 3. d4 cxd4 4. Nxd4 Nf6 5. f3 e6 6. Be3 Qb6 7. b3 Bc5 8. c3
O-O 9. b4 Bxd4 10. Bxd4 Nxd4 11. Qxd4 d5 12. e5 Nd7 13. Bd3 a5 14. Qxb6 Nxb6
15. Nd2 Na4 16. Rc1 Bd7 17. a3 Rfc8 18. Nb1 Nb2 19. Ke2 Nxd3 20. Kxd3 Bb5+ 21.
Kd2 Kf8 22. Rc2 Ke7 23. bxa5 Rxa5 24. Rb2 Rc7 25. Rb4 Bc4 26. Rb2 b5 27. f4 Ra8
28. Ke3 f6 29. exf6+ gxf6 30. g4 e5 31. Rg1 Kd6 32. fxe5+ fxe5 33. Rf2 Ke6 34.
h4 Rf7 35. Rxf7 Kxf7 36. Rg2 Ke6 37. Rf2 h6 38. g5 hxg5 39. hxg5 Rg8 40. Rf6+
Ke7 41. Rf5 Ke6 42. Rf6+ 1/2-1/2

[Event "Gibraltar ChallWk2 12th"]
[Site "Gibraltar"]
[Date "2014.02.02"]
[Round "2.20"]
[White "Galmandakh, Badrakh"]
[Black "Verneuil, Pascal"]
[Result "1-0"]
[WhiteElo "2225"]
[BlackElo "2065"]
[PlyCount "91"]
[EventDate "2014.02.01"]
[EventType "swiss"]
[EventRounds "5"]
[EventCountry "GGB"]
[SourceTitle "BritBase"]
[Source "www.saund.co.uk"]
[SourceDate "2018.02.10"]
[SourceVersion "1"]
[SourceVersionDate "2018.02.10"]
[SourceQuality "1"]

1. g3 d5 2. Bg2 Nf6 3. f4 c5 4. Nf3 Nc6 5. O-O e6 6. d3 Bd6 7. c3 O-O 8. Qc2 d4
9. Na3 Bc7 10. e4 dxe3 11. Bxe3 Ng4 12. Rae1 Nxe3 13. Rxe3 Ne7 14. Ne5 f6 15.
Nf3 Nd5 16. Re2 Rb8 17. Bh3 Bxf4 18. Bxe6+ Bxe6 19. Rxe6 Be3+ 20. Kh1 Qd7 21.
Re4 Rbe8 22. Re1 f5 23. Rxe8 Rxe8 24. Qb3 Kf8 25. Nc4 f4 26. Nce5 Qd6 27. gxf4
Bxf4 28. d4 cxd4 29. cxd4 Re7 30. Qc2 g6 31. Qe4 Kg7 32. Rg1 Be3 33. Rg2 Rc7
34. Nd3 Re7 35. Nfe5 Qf6 36. h4 Qf1+ 37. Kh2 Bf4+ 38. Kh3 Qh1+ 39. Kg4 h5+ 40.
Kf3 Qh3+ 41. Ke2 Qe3+ 42. Qxe3 Nxe3 43. Rxg6+ Kh7 44. Nxf4 Nf5 45. Kd3 Nxh4 46.
Rg5 1-0

[Event "Gibraltar ChallWk2 12th"]
[Site "Gibraltar"]
[Date "2014.02.02"]
[Round "2.22"]
[White "Jameson, David"]
[Black "Rios Gonzalez, Jose Antonio"]
[Result "1-0"]
[WhiteElo "2128"]
[BlackElo "1912"]
[PlyCount "63"]
[EventDate "2014.02.01"]
[EventType "swiss"]
[EventRounds "5"]
[EventCountry "GGB"]
[SourceTitle "BritBase"]
[Source "www.saund.co.uk"]
[SourceDate "2018.02.10"]
[SourceVersion "1"]
[SourceVersionDate "2018.02.10"]
[SourceQuality "1"]

1. e4 e5 2. Nf3 Nc6 3. Bc4 Nf6 4. Ng5 d5 5. exd5 Na5 6. Bb5+ c6 7. dxc6 bxc6 8.
Qf3 Bd7 9. Bd3 Be7 10. O-O O-O 11. Re1 h6 12. Ne4 Nxe4 13. Qxe4 f5 14. Qe2 Bd6
15. b3 Qc7 16. Ba3 c5 17. Nc3 Rab8 18. Nb5 Rxb5 19. Bxb5 Bc8 20. Bc4+ Nxc4 21.
Qxc4+ Kh8 22. Re3 Bb7 23. Rae1 e4 24. g3 f4 25. R3e2 fxg3 26. hxg3 e3 27. Rxe3
Qc6 28. Re4 Kh7 29. Qd3 Rf5 30. Bb2 h5 31. c4 g6 32. Re7+ 1-0

[Event "Gibraltar ChallWk2 12th"]
[Site "Gibraltar"]
[Date "2014.02.02"]
[Round "2.23"]
[White "Becham, Khalid"]
[Black "Krokay, Urszula"]
[Result "1-0"]
[WhiteElo "2122"]
[BlackElo "1926"]
[PlyCount "75"]
[EventDate "2014.02.01"]
[EventType "swiss"]
[EventRounds "5"]
[EventCountry "GGB"]
[SourceTitle "BritBase"]
[Source "www.saund.co.uk"]
[SourceDate "2018.02.10"]
[SourceVersion "1"]
[SourceVersionDate "2018.02.10"]
[SourceQuality "1"]

1. e4 e5 2. Nf3 Nc6 3. d4 exd4 4. Nxd4 Nf6 5. Nxc6 bxc6 6. e5 Qe7 7. Qe2 Nd5 8.
c4 Ba6 9. b3 g6 10. f4 Bg7 11. Qf2 Nb6 12. c5 Bxf1 13. cxb6 Ba6 14. bxc7 O-O
15. Ba3 Qe6 16. Kd1 Rfe8 17. Re1 f6 18. Bd6 fxe5 19. fxe5 Qg4+ 20. Kc2 Re6 21.
Nc3 Rxd6 22. exd6 Rf8 23. Qd2 Bd4 24. Re4 Qxe4+ 25. Nxe4 Bxa1 26. Qa5 Bc8 27.
Qxa7 Re8 28. Kd3 Kf7 29. a4 Ke6 30. b4 Kf5 31. Qc5+ Re5 32. Qf2+ Ke6 33. Qf6+
Kd5 34. Qf7+ Re6 35. b5 cxb5 36. axb5 Be5 37. Qg8 Bxd6 38. Nxd6 1-0

[Event "Gibraltar ChallWk2 12th"]
[Site "Gibraltar"]
[Date "2014.02.02"]
[Round "2.24"]
[White "Brokko, Margit"]
[Black "Kozarcanin, Sead"]
[Result "0-1"]
[WhiteElo "2058"]
[BlackElo "2073"]
[PlyCount "64"]
[EventDate "2014.02.01"]
[EventType "swiss"]
[EventRounds "5"]
[EventCountry "GGB"]
[SourceTitle "BritBase"]
[Source "www.saund.co.uk"]
[SourceDate "2018.02.10"]
[SourceVersion "1"]
[SourceVersionDate "2018.02.10"]
[SourceQuality "1"]

1. e4 e5 2. Nf3 Qe7 3. Bc4 c6 4. O-O d6 5. h3 Nf6 6. Nc3 b5 7. Bd3 Nbd7 8. b4
a5 9. Rb1 axb4 10. Rxb4 d5 11. a3 d4 12. Ne2 Qd8 13. Rb1 Bxa3 14. Ra1 Qe7 15.
Nexd4 exd4 16. Nxd4 O-O 17. Nxc6 Qc5 18. e5 Qxc6 19. exf6 Bb7 20. Qg4 Nxf6 21.
Qf3 Qxf3 22. gxf3 b4 23. Kg2 Nh5 24. Bb5 Bxc1 25. Rfxc1 Ra3 26. Rxa3 bxa3 27.
c4 Nf4+ 28. Kf1 Bxf3 29. c5 Bd5 30. c6 Rc8 31. d4 a2 32. Ra1 Ne6 0-1

[Event "Gibraltar ChallWk2 12th"]
[Site "Gibraltar"]
[Date "2014.02.02"]
[Round "2.25"]
[White "Romero Valencia, Fernando"]
[Black "Gajic, Mladen"]
[Result "0-1"]
[WhiteElo "1960"]
[BlackElo "2246"]
[PlyCount "64"]
[EventDate "2014.02.01"]
[EventType "swiss"]
[EventRounds "5"]
[EventCountry "GGB"]
[SourceTitle "BritBase"]
[Source "www.saund.co.uk"]
[SourceDate "2018.02.10"]
[SourceVersion "1"]
[SourceVersionDate "2018.02.10"]
[SourceQuality "1"]

1. e4 Nf6 2. Nc3 e5 3. Bc4 Nxe4 4. Qh5 Nd6 5. Qxe5+ Qe7 6. Qxe7+ Bxe7 7. Bd5
Nc6 8. Nf3 O-O 9. d3 Nb4 10. Bb3 b6 11. a3 Na6 12. Bf4 c6 13. Kd2 Nc5 14. Ba2
Ne6 15. Be5 f6 16. Bg3 Kh8 17. h3 Nf5 18. Bh2 d5 19. g4 Ned4 20. Ng1 Nh4 21.
Bg3 f5 22. f3 Nhxf3+ 23. Nxf3 Nxf3+ 24. Ke3 fxg4 25. d4 Bf6 26. hxg4 Bxg4 27.
Ne2 Rae8+ 28. Kf2 Nxd4 29. Nc3 Nf5 30. Rae1 Bd4+ 31. Kg2 Ne3+ 32. Kh2 Bf3 0-1

[Event "Gibraltar ChallWk2 12th"]
[Site "Gibraltar"]
[Date "2014.02.02"]
[Round "2.26"]
[White "Sanchez Castillo, Sarai"]
[Black "Lochte, Szilvia"]
[Result "1-0"]
[WhiteElo "2219"]
[BlackElo "1952"]
[PlyCount "91"]
[EventDate "2014.02.01"]
[EventType "swiss"]
[EventRounds "5"]
[EventCountry "GGB"]
[SourceTitle "BritBase"]
[Source "www.saund.co.uk"]
[SourceDate "2018.02.10"]
[SourceVersion "1"]
[SourceVersionDate "2018.02.10"]
[SourceQuality "1"]

1. e4 e6 2. d4 d5 3. Nc3 dxe4 4. Nxe4 Nd7 5. Nf3 Ngf6 6. Bg5 c5 7. dxc5 Bxc5 8.
Bxf6 gxf6 9. Nd6+ Bxd6 10. Qxd6 Qb6 11. Qa3 Qc5 12. Qa4 a6 13. O-O-O b5 14. Qe4
Ra7 15. Nd4 Rc7 16. Bd3 Bb7 17. Qe3 Ne5 18. Rhe1 Bd5 19. Kb1 Nc4 20. Bxc4 bxc4
21. c3 Kd7 22. Qh6 Qe7 23. Nxe6 fxe6 24. Rxd5+ Kc6 25. Rd4 Kb7 26. Qe3 e5 27.
Qe4+ Ka7 28. Rxc4 Rb8 29. Rxc7+ Qxc7 30. Qe3+ Ka8 31. Qd3 Rb6 32. Rd1 Qb7 33.
Qd8+ Qb8 34. Qxb8+ Kxb8 35. Rd7 h6 36. Rh7 f5 37. Rf7 f4 38. Kc2 Re6 39. f3 Kc8
40. c4 Kd8 41. c5 a5 42. Kc3 Rc6 43. Kc4 Ke8 44. Rf5 Re6 45. Kd5 Kd7 46. Rxe5
1-0

[Event "Gibraltar ChallWk2 12th"]
[Site "Gibraltar"]
[Date "2014.02.02"]
[Round "2.27"]
[White "Bird, Andrew"]
[Black "Tortolero, Cesar"]
[Result "1-0"]
[WhiteElo "2173"]
[BlackElo "1952"]
[PlyCount "45"]
[EventDate "2014.02.01"]
[EventType "swiss"]
[EventRounds "5"]
[EventCountry "GGB"]
[SourceTitle "BritBase"]
[Source "www.saund.co.uk"]
[SourceDate "2018.02.10"]
[SourceVersion "1"]
[SourceVersionDate "2018.02.10"]
[SourceQuality "1"]

1. Nf3 c5 2. c4 Nc6 3. Nc3 g6 4. e3 Bg7 5. d4 cxd4 6. exd4 d6 7. d5 Ne5 8. Nxe5
Bxe5 9. Bd3 Bxc3+ 10. bxc3 Qa5 11. O-O Nf6 12. Re1 Nd7 13. Qe2 Qd8 14. Bh6 Ne5
15. Bg7 Nxd3 16. Qxd3 Bf5 17. Qd4 Kd7 18. g4 Bc2 19. Re2 Ba4 20. c5 Bb5 21. c4
Ba6 22. c6+ bxc6 23. dxc6+ 1-0

[Event "Gibraltar ChallWk2 12th"]
[Site "Gibraltar"]
[Date "2014.02.02"]
[Round "2.28"]
[White "Allor, Chukwuka"]
[Black "Bucknell, Malcolm Gordon"]
[Result "1-0"]
[WhiteElo "2138"]
[BlackElo "1947"]
[PlyCount "70"]
[EventDate "2014.02.01"]
[EventType "swiss"]
[EventRounds "5"]
[EventCountry "GGB"]
[SourceTitle "BritBase"]
[Source "www.saund.co.uk"]
[SourceDate "2018.02.10"]
[SourceVersion "1"]
[SourceVersionDate "2018.02.10"]
[SourceQuality "1"]

1. e4 c6 2. d4 d5 3. exd5 cxd5 4. c4 Nf6 5. Nc3 Nc6 6. Bg5 e6 7. Nf3 Be7 8. c5
Ne4 9. Bxe7 Nxe7 10. Bd3 Nxc3 11. bxc3 O-O 12. Qc2 g6 13. Qd2 b6 14. Qh6 Nf5
15. Bxf5 exf5 16. O-O f6 17. Rfe1 Qc7 18. h4 Ba6 19. h5 Qg7 20. Qxg7+ Kxg7 21.
Re7+ Rf7 22. h6+ Kf8 23. Re6 Bc4 24. cxb6 axb6 25. Rxb6 Rc7 26. Rxf6+ Ke7 27.
Rb6 Kf8 28. Ng5 Re7 29. Rab1 Rae8 30. Rb8 Ba6 31. Rxe8+ Kxe8 32. Rb6 Bc8 33.
Rd6 Bb7 34. Re6 Rxe6 35. Nxe6 Kf7 1-0

[Event "Gibraltar ChallWk2 12th"]
[Site "Gibraltar"]
[Date "2014.02.02"]
[Round "2.29"]
[White "Bhopal, Raj"]
[Black "Mortensen, Henrik"]
[Result "1/2-1/2"]
[WhiteElo "2093"]
[BlackElo "1946"]
[PlyCount "91"]
[EventDate "2014.02.01"]
[EventType "swiss"]
[EventRounds "5"]
[EventCountry "GGB"]
[SourceTitle "BritBase"]
[Source "www.saund.co.uk"]
[SourceDate "2018.02.10"]
[SourceVersion "1"]
[SourceVersionDate "2018.02.10"]
[SourceQuality "1"]

1. e4 d5 2. exd5 Qxd5 3. Nc3 Qd6 4. d4 Nf6 5. Nf3 Bg4 6. Be3 e6 7. h3 Bh5 8.
Be2 Be7 9. Qd2 a6 10. Bf4 Qd8 11. O-O O-O 12. Rad1 c6 13. Rfe1 Nbd7 14. Ne5
Bxe2 15. Qxe2 Nb6 16. Bg3 Nbd5 17. Qf3 Nxc3 18. Qxc3 Qd5 19. Bh4 Rfe8 20. Bxf6
Bxf6 21. Ng4 Qd8 22. Qb3 b5 23. Qf3 Rc8 24. Rd3 Qe7 25. Re4 Bg5 26. Re5 Red8
27. c3 Rd5 28. Qe2 Rcd8 29. g3 c5 30. h4 Bf6 31. Rxd5 Rxd5 32. dxc5 Qxc5 33.
Nxf6+ gxf6 34. Rxd5 Qxd5 35. b3 Kf8 36. Qc2 f5 37. Qc1 Ke7 38. Qf4 Qc6 39. Qg5+
Ke8 40. Qf6 Qe4 41. Qh8+ Ke7 42. Qxh7 Qe1+ 43. Kg2 Qe4+ 44. Kg1 Qe1+ 45. Kg2
Qe4+ 46. Kg1 1/2-1/2